000 00302 a2200145 4500
001 167564
020 _a
040 _cMagnum
100 _aOstrower, Fayga
240 1 0 _aAcasos e criacao artistica
_lpor
245 1 0 _aAcasos e criacao artistica
362 0 _a1899
697 _aARTES
942 _cBK
999 _c167564
_d167564